[Event "Alberta-ch U20"]
[Site "Calgary CAN"]
[Date "2009.11.07"]
[Round "2.2"]
[White "Kalaydina, Regina Veronicka"]
[Black "Virji, Naveed"]
[Result "1-0"]
[WhiteElo "1892"]
[BlackElo "1478"]
[PlyCount "95"]
[GameId "2160767910030385"]
[EventDate "2009.11.08"]
[EventType "tourn"]
[EventRounds "5"]
[EventCountry "CAN"]

1. e4 e5 2. Nf3 Nc6 3. Bc4 Bc5 4. c3 Nf6 5. d3 O-O 6. O-O Re8 7. Bg5 h6 8. Bh4 g5 9. Bg3 Nh5 10. Bxe5 Nxe5 11. Nxe5 Rxe5 12. Qxh5 Qf6 13. Nd2 Re7 14. d4 Bxd4 15. cxd4 Qxd4 16. Rad1 Kg7 17. b3 c6 18. Rfe1 d5 19. Nf3 Qc5 20. exd5 Rxe1+ 21. Nxe1 cxd5 22. Bxd5 Qe7 23. Nf3 Be6 24. Bxe6 Qxe6 25. Nd4 Qf6 26. Qf3 Qxf3 27. Nxf3 Kf6 28. g4 Ke7 29. Nd4 Kf6 30. Nf3 Ke7 31. Re1+ Kd7 32. h4 f6 33. h5 Re8 34. Rxe8 Kxe8 35. Kf1 Kd7 36. Ke2 Kc6 37. Nd4+ Kc5 38. Nf5 Kb4 39. Nxh6 Ka3 40. Nf5 Kxa2 41. h6 a5 42. Nd4 b5 43. h7 a4 44. bxa4 bxa4 45. h8=Q a3 46. Qg8+ Kb2 47. Qb3+ Ka1 48. Nc2# 1-0

[Event "Alberta-ch U20"]
[Site "Calgary CAN"]
[Date "2009.11.07"]
[Round "3.1"]
[White "Miller, David"]
[Black "Zhang, David"]
[Result "1/2-1/2"]
[WhiteElo "1627"]
[BlackElo "2101"]
[PlyCount "52"]
[GameId "2160767910030386"]
[EventDate "2009.11.08"]
[EventType "tourn"]
[EventRounds "5"]
[EventCountry "CAN"]

1. Nf3 Nf6 2. g3 d5 3. c4 e6 4. Bg2 c6 5. cxd5 exd5 6. O-O Be7 7. d4 O-O 8. Nc3 Bf5 9. Bf4 Nbd7 10. Qb3 Nb6 11. a4 Bd6 12. Bxd6 Qxd6 13. Ne5 Ng4 14. a5 Nd7 15. Nxd7 Qxd7 16. Na4 Qe7 17. e3 Rab8 18. Rfc1 Nf6 19. Nc5 Ne4 20. Nxe4 Bxe4 21. Bxe4 Qxe4 22. Qc2 Qe7 23. Qa4 Qd6 24. a6 bxa6 25. Rxc6 Qd7 26. Rxa6 Qb7 1/2-1/2

[Event "Alberta-ch U20"]
[Site "Calgary CAN"]
[Date "2009.11.07"]
[Round "3.2"]
[White "Wang, Yuekai"]
[Black "Kalaydina, Regina Veronicka"]
[Result "1/2-1/2"]
[WhiteElo "1806"]
[BlackElo "1892"]
[PlyCount "36"]
[GameId "2160767910030387"]
[EventDate "2009.11.08"]
[EventType "tourn"]
[EventRounds "5"]
[EventCountry "CAN"]

1. e4 c5 2. Nf3 e6 3. d4 cxd4 4. Nxd4 Nf6 5. Bd3 Nc6 6. Nb3 d5 7. exd5 Nxd5 8. O-O Bd6 9. a3 O-O 10. N1d2 Ne5 11. Nf3 Nxd3 12. Qxd3 Qc7 13. h3 Rd8 14. Qe2 e5 15. Rd1 Nf4 16. Bxf4 exf4 17. Rd4 Bf5 18. Rc4 Qb6 1/2-1/2

[Event "Alberta-ch U20"]
[Site "Calgary CAN"]
[Date "2009.11.07"]
[Round "3.3"]
[White "Virji, Naveed"]
[Black "Shi, Diwen"]
[Result "0-1"]
[WhiteElo "1478"]
[BlackElo "1534"]
[PlyCount "126"]
[GameId "2160767910030388"]
[EventDate "2009.11.08"]
[EventType "tourn"]
[EventRounds "5"]
[EventCountry "CAN"]

1. e4 Nf6 2. e5 Nd5 3. d4 d6 4. c4 Nb6 5. exd6 exd6 6. Nc3 Nc6 7. Nf3 Bf5 8. d5 Nb8 9. Bd3 Bxd3 10. Qxd3 Be7 11. O-O O-O 12. Ne4 h6 13. Be3 N8d7 14. Qc3 Nf6 15. Nxf6+ Bxf6 16. Bd4 Bxd4 17. Qxd4 Re8 18. Rfd1 Qe7 19. Re1 Qd7 20. Rxe8+ Rxe8 21. Rd1 Qa4 22. a3 Re4 23. Qd3 Qxc4 24. Qxc4 Rxc4 25. b4 Nxd5 26. Kf1 c6 27. Nd2 Rh4 28. h3 Rf4 29. Ke1 g5 30. g3 Rf5 31. Nc4 Rf6 32. Na5 Re6+ 33. Kf1 Re7 34. b5 Nc3 35. bxc6 Nxd1 36. cxb7 Re8 37. Nc6 Kf8 38. b8=Q Rxb8 39. Nxb8 Nc3 40. Nc6 a6 41. Nd4 Nb5 42. Nxb5 axb5 43. Ke2 Ke7 44. Kd3 f5 45. Kc3 Kd7 46. Kb4 Kc6 47. a4 bxa4 48. Kxa4 Kd5 49. Kb3 Ke4 50. Kc4 d5+ 51. Kc3 d4+ 52. Kd2 Kf3 53. Kd3 Kxf2 54. Kxd4 Kxg3 55. Ke5 f4 56. Kf5 f3 57. Kg6 f2 58. Kxh6 Kh4 59. Kg6 f1=Q 60. Kh6 Qf6+ 61. Kh7 Kh5 62. Kg8 Kg6 63. h4 Qg7# 0-1

[Event "Alberta-ch U20"]
[Site "Calgary CAN"]
[Date "2009.11.08"]
[Round "4.1"]
[White "Zhang, David"]
[Black "Kalaydina, Regina Veronicka"]
[Result "1-0"]
[WhiteElo "2101"]
[BlackElo "1892"]
[PlyCount "47"]
[GameId "2160767910030389"]
[EventDate "2009.11.08"]
[EventType "tourn"]
[EventRounds "5"]
[EventCountry "CAN"]

1. e4 c5 2. Nf3 e6 3. d4 cxd4 4. Nxd4 Nf6 5. Nc3 d6 6. Be2 Nc6 7. Be3 Be7 8. O-O O-O 9. f4 Qc7 10. Kh1 Bd7 11. Bf3 Rfd8 12. Nb3 Na5 13. Nxa5 Qxa5 14. Qd2 Qc7 15. a4 Bc6 16. Qf2 b6 17. f5 exf5 18. exf5 Bxf3 19. Qxf3 d5 20. Bd4 Qc6 21. Rfe1 Qd7 22. Rad1 Ne4 23. Nxe4 dxe4 24. Qg4 1-0

[Event "Alberta-ch U20"]
[Site "Calgary CAN"]
[Date "2009.11.08"]
[Round "4.2"]
[White "Shi, Diwen"]
[Black "Wang, Yuekai"]
[Result "0-1"]
[WhiteElo "1534"]
[BlackElo "1806"]
[PlyCount "66"]
[GameId "2160767910030390"]
[EventDate "2009.11.08"]
[EventType "tourn"]
[EventRounds "5"]
[EventCountry "CAN"]

1. c4 e5 2. Nc3 Nf6 3. g3 d5 4. cxd5 Nxd5 5. Bg2 Be6 6. Nf3 Nc6 7. O-O Be7 8. d3 O-O 9. Bd2 Qd7 10. a3 a5 11. Qc2 Rad8 12. Ne4 Bh3 13. Nc5 Bxc5 14. Qxc5 Bxg2 15. Kxg2 h6 16. Rac1 Nde7 17. Nxe5 Nxe5 18. Qxe5 Nc6 19. Qf4 Rfe8 20. Rfe1 Re6 21. Bc3 Rde8 22. Qf3 h5 23. Rcd1 h4 24. Qg4 f6 25. Qxh4 Rxe2 26. Rxe2 Rxe2 27. Qc4+ Kh7 28. Qh4+ Kg6 29. Kf1 Re7 30. g4 Qd5 31. Qg3 Qh1+ 32. Qg1 Qf3 33. Rd2 Qh3+ 0-1

[Event "Alberta-ch U20"]
[Site "Calgary CAN"]
[Date "2009.11.08"]
[Round "5.1"]
[White "Virji, Naveed"]
[Black "Zhang, David"]
[Result "0-1"]
[WhiteElo "1478"]
[BlackElo "2101"]
[PlyCount "66"]
[GameId "2160767910030392"]
[EventDate "2009.11.08"]
[EventType "tourn"]
[EventRounds "5"]
[EventCountry "CAN"]

1. e4 c6 2. c4 d5 3. cxd5 cxd5 4. exd5 Qxd5 5. Nc3 Qd8 6. Nf3 Nc6 7. Bb5 Bd7 8. Qa4 a6 9. Bxc6 Bxc6 10. Qc4 e6 11. d4 Nf6 12. Qd3 Bb4 13. O-O Rc8 14. a3 Bxc3 15. Qxc3 Bb5 16. Qb4 Nd5 17. Qb3 Bxf1 18. Kxf1 Qb6 19. Qd3 O-O 20. Ne5 Qb5 21. Qxb5 axb5 22. Nd7 Rfd8 23. Ne5 Rc2 24. Nd3 Rdc8 25. Ke1 R2c4 26. Be3 Nxe3 27. fxe3 Rc2 28. Kf1 Rd2 29. Nc5 b6 30. Ne4 Rxb2 31. Nd6 Rcc2 32. h3 Rxg2 33. Rc1 h6 0-1

[Event "Alberta-ch U20"]
[Site "Calgary CAN"]
[Date "2009.11.08"]
[Round "5.2"]
[White "Kalaydina, Regina Veronicka"]
[Black "Shi, Diwen"]
[Result "1-0"]
[WhiteElo "1892"]
[BlackElo "1534"]
[PlyCount "37"]
[GameId "2160767910030393"]
[EventDate "2009.11.08"]
[EventType "tourn"]
[EventRounds "5"]
[EventCountry "CAN"]

1. d4 d5 2. c4 e6 3. Nc3 Nf6 4. cxd5 Nxd5 5. e4 Nf6 6. Bg5 Be7 7. Nf3 O-O 8. Be2 h6 9. Bf4 c5 10. dxc5 Bxc5 11. O-O Nc6 12. Qb3 Qb6 13. Qxb6 Bxb6 14. Rad1 Re8 15. e5 Nh5 16. Bc1 Kh7 17. g4 g6 18. gxh5 gxh5 19. Ne4 1-0

[Event "Alberta-ch U20"]
[Site "Calgary CAN"]
[Date "2009.11.08"]
[Round "5.3"]
[White "Wang, Yuekai"]
[Black "Miller, David"]
[Result "1/2-1/2"]
[WhiteElo "1806"]
[BlackElo "1627"]
[PlyCount "108"]
[GameId "2160767910030394"]
[EventDate "2009.11.08"]
[EventType "tourn"]
[EventRounds "5"]
[EventCountry "CAN"]

1. e4 e5 2. Nf3 Nc6 3. Bb5 a6 4. Ba4 Nf6 5. O-O Be7 6. Re1 b5 7. Bb3 O-O 8. c3 d5 9. exd5 Nxd5 10. Nxe5 Nxe5 11. Rxe5 c6 12. d4 Bd6 13. Re1 Qh4 14. g3 Qh3 15. Be3 Bg4 16. Qd3 f5 17. f4 g5 18. Qf1 Qh5 19. Nd2 gxf4 20. Bxf4 Bxf4 21. Qxf4 Rae8 22. Re5 Kh8 23. Bxd5 cxd5 24. Rae1 Qf7 25. Nb3 Bh5 26. Nc5 Rxe5 27. Qxe5+ Kg8 28. Qe6 Qxe6 29. Rxe6 a5 30. Re5 Bf3 31. Nb7 a4 32. Nd6 f4 33. Nxb5 fxg3 34. Rg5+ Kh8 35. Rxg3 Be2 36. Nd6 Rf6 37. Re3 Ba6 38. Ne8 Rf1+ 39. Kg2 Rb1 40. Re6 Rxb2+ 41. Kg3 Bc4 42. Rf6 Kg8 43. Nd6 Bxa2 44. Rf1 Rb3 45. Ra1 Rxc3+ 46. Kf4 Bb3 47. Ke5 Rh3 48. Kf6 Rf3+ 49. Ke6 Re3+ 50. Kf6 Kf8 51. Rc1 Rf3+ 52. Ke6 Re3+ 53. Kf6 Rf3+ 54. Ke6 Re3+ 1/2-1/2

[Event "Alberta-ch w"]
[Site "Edmonton CAN"]
[Date "2009.04.11"]
[Round "1"]
[White "Martens, Stephanie"]
[Black "Kalaydina, Regina Veronicka"]
[Result "0-1"]
[WhiteElo "1755"]
[BlackElo "1798"]
[PlyCount "82"]
[GameId "2160767910157305"]
[EventDate "2009.04.11"]
[EventType "tourn"]
[EventRounds "3"]
[EventCountry "CAN"]
[SourceTitle "EXT 2011"]
[Source "ChessBase"]
[SourceDate "2011.11.26"]
[SourceVersion "1"]
[SourceVersionDate "2011.11.26"]
[SourceQuality "1"]

1. d4 d5 2. c4 c6 3. Nc3 Nf6 4. Bg5 Nbd7 5. Nf3 g6 6. e3 Ne4 7. Nxe4 dxe4 8. Nd2 Qa5 9. Bh4 Bg7 10. Be2 e5 11. O-O f5 12. Nb3 Qc7 13. Qd2 O-O 14. c5 exd4 15. Bc4+ Kh8 16. exd4 Nf6 17. Bg3 Qd8 18. Bd6 Re8 19. Bf7 e3 20. fxe3 Ne4 21. Qb4 Nxd6 22. cxd6 Rf8 23. Bc4 Rf6 24. e4 fxe4 25. Rxf6 Bxf6 26. Re1 a5 27. Qc5 a4 28. Nd2 Ra5 29. Qb4 Bxd4+ 30. Kh1 c5 31. Qa3 e3 32. Rxe3 Bxe3 33. Qc3+ Bd4 34. Qf3 Ra8 35. Ne4 Bf5 36. Nxc5 b6 37. Nb7 Qe8 38. Qd1 Bg7 39. Bd5 Rc8 40. Bf3 Qe3 41. Be2 Rc1 0-1

[Event "Alberta-ch w"]
[Site "Edmonton CAN"]
[Date "2009.04.11"]
[Round "2"]
[White "Todd, Adie"]
[Black "Martens, Stephanie"]
[Result "1-0"]
[WhiteElo "1332"]
[BlackElo "1755"]
[PlyCount "117"]
[GameId "2160767910157308"]
[EventDate "2009.04.11"]
[EventType "tourn"]
[EventRounds "3"]
[EventCountry "CAN"]
[SourceTitle "EXT 2011"]
[Source "ChessBase"]
[SourceDate "2011.11.26"]
[SourceVersion "1"]
[SourceVersionDate "2011.11.26"]
[SourceQuality "1"]

1. d4 d5 2. c4 e6 3. Nc3 Nf6 4. Nf3 Be7 5. cxd5 exd5 6. Bf4 a6 7. Qc2 O-O 8. e3 Nc6 9. a3 g6 10. h3 Bf5 11. Bd3 Bd7 12. O-O Na5 13. Ne5 Be6 14. Rac1 Nc4 15. Nxc4 dxc4 16. Be2 c5 17. dxc5 Bxc5 18. Bf3 Qe7 19. Rfd1 Bf5 20. e4 Be6 21. Bg5 Bd6 22. Bxf6 Qxf6 23. Rxd6 Qf4 24. Rd2 Bxh3 25. Nd5 Qg5 26. Kf1 Be6 27. Nc7 Rac8 28. Nxe6 fxe6 29. Rd7 Qb5 30. Rcd1 c3+ 31. Be2 cxb2 32. Qb1 Qc5 33. f3 Qc1 34. Qa2 Rc6 35. Rxb7 Rd8 36. Ke1 Rxd1+ 37. Bxd1 Qe3+ 38. Kf1 Qd3+ 39. Ke1 Qc3+ 40. Ke2 Qd4 41. Qxb2 Qc4+ 42. Ke1 Rc7 43. Rxc7 Qxc7 44. Ke2 Qh2 45. Ke3 Qg1+ 46. Kd2 Qxg2+ 47. Kc3 Qg3 48. Qb6 Qe1+ 49. Kc2 Qf1 50. Qxe6+ Kg7 51. Qd5 Qf2+ 52. Qd2 Qc5+ 53. Qc3+ Qxc3+ 54. Kxc3 h5 55. Be2 h4 56. Bf1 Kh6 57. e5 Kg7 58. Bh3 Kf7 59. Kd4 1-0

[Event "Alberta-ch w"]
[Site "Edmonton CAN"]
[Date "2009.04.11"]
[Round "3"]
[White "Kalaydina, Regina Veronicka"]
[Black "Todd, Adie"]
[Result "1-0"]
[WhiteElo "1798"]
[BlackElo "1332"]
[PlyCount "79"]
[GameId "2160767910157309"]
[EventDate "2009.04.11"]
[EventType "tourn"]
[EventRounds "3"]
[EventCountry "CAN"]
[SourceTitle "EXT 2011"]
[Source "ChessBase"]
[SourceDate "2011.11.26"]
[SourceVersion "1"]
[SourceVersionDate "2011.11.26"]
[SourceQuality "1"]

1. e4 c5 2. Nf3 d6 3. d4 cxd4 4. Nxd4 Nf6 5. f3 e5 6. Bb5+ Bd7 7. Bxd7+ Nbxd7 8. Nf5 d5 9. exd5 Nb6 10. Qe2 Qxd5 11. Nc3 Qe6 12. Qb5+ Nbd7 13. Ne3 b6 14. Ncd5 Nxd5 15. Nxd5 Qd6 16. Be3 Rc8 17. c4 Qc6 18. Qxc6 Rxc6 19. Rc1 Nf6 20. Nxf6+ Rxf6 21. O-O Rc6 22. Rfd1 Bc5 23. Bxc5 Rxc5 24. b4 Rc7 25. Rd5 f6 26. c5 O-O 27. c6 Rfc8 28. b5 Kf7 29. Rcd1 Ke6 30. g4 Ke7 31. Rd7+ Kf8 32. Kf2 h6 33. Ke3 Ke8 34. h4 Kf8 35. h5 Ke8 36. Ke4 Kf8 37. Kf5 a6 38. bxa6 Rxd7 39. cxd7 Rd8 40. Ke6 1-0

[Event "Arnprior op"]
[Site "Arnprior CAN"]
[Date "2009.05.02"]
[Round "1"]
[White "Langer, Herb"]
[Black "Pacey, Kevin"]
[Result "0-1"]
[WhiteElo "1688"]
[BlackElo "2314"]
[PlyCount "88"]
[GameId "2160767910156954"]
[EventDate "2009.05.02"]
[EventType "swiss"]
[EventRounds "5"]
[EventCountry "CAN"]

1. d4 Nf6 2. Nf3 g6 3. Bf4 Bg7 4. e3 O-O 5. c4 d5 6. Nc3 c6 7. Be2 dxc4 8. Bxc4 Bg4 9. h3 Bxf3 10. Qxf3 e6 11. O-O Qb6 12. Qe2 Nbd7 13. Bd6 Rfe8 14. Rac1 Qd8 15. Bb3 Nb6 16. Be5 a5 17. a4 Nbd5 18. e4 Nb4 19. Rcd1 Qb6 20. Qc4 Rac8 21. Qc5 Nd7 22. Qxb6 Nxb6 23. Bxg7 Kxg7 24. Rd2 Kf8 25. Rfd1 Rb8 26. d5 exd5 27. exd5 cxd5 28. Bxd5 N4xd5 29. Nxd5 Re6 30. b3 Rc8 31. Nxb6 Rxb6 32. Rd8+ Rxd8 33. Rxd8+ Ke7 34. Rd3 Rd6 35. Re3+ Re6 36. Rxe6+ Kxe6 37. Kf1 Ke5 38. Ke2 Kd4 39. Kd2 g5 40. g3 h5 41. g4 h4 42. Kc2 Ke4 43. Kd2 Kf3 44. Ke1 Kg2 0-1

[Event "Arnprior op"]
[Site "Arnprior CAN"]
[Date "2009.05.02"]
[Round "3"]
[White "De Kerpel, Stijn"]
[Black "Pacey, Kevin"]
[Result "0-1"]
[WhiteElo "2116"]
[BlackElo "2314"]
[PlyCount "63"]
[GameId "2160767910156956"]
[EventDate "2009.05.02"]
[EventType "swiss"]
[EventRounds "5"]
[EventCountry "CAN"]

1. d4 c5 2. e3 cxd4 3. exd4 d5 4. Nf3 Nf6 5. Bd3 Bg4 6. c3 Bxf3 7. Qxf3 e6 8. O-O Nc6 9. Bf4 Bd6 10. Re1 Bxf4 11. Qxf4 O-O 12. Nd2 Ne8 13. Nf3 Qf6 14. Qg3 g6 15. Ng5 h6 16. Nh3 Ng7 17. f4 Nf5 18. Qf3 h5 19. Kh1 Kg7 20. Nf2 Rh8 21. Rf1 Rac8 22. Rac1 a6 23. Bb1 b5 24. Nd3 b4 25. Nc5 bxc3 26. bxc3 a5 27. Bd3 Nd6 28. Rb1 Rc7 29. Qg3 Nf5 30. Qf3 Ncxd4 31. cxd4 Nxd4 32. Nxe6+ 0-1

[Event "Arnprior op"]
[Site "Arnprior CAN"]
[Date "2009.05.03"]
[Round "4"]
[White "Pacey, Kevin"]
[Black "Doubleday, William"]
[Result "1/2-1/2"]
[WhiteElo "2314"]
[BlackElo "2166"]
[PlyCount "78"]
[GameId "2160767910156957"]
[EventDate "2009.05.02"]
[EventType "swiss"]
[EventRounds "5"]
[EventCountry "CAN"]

1. e4 c5 2. c3 Nf6 3. e5 Nd5 4. d4 cxd4 5. Nf3 e6 6. cxd4 d6 7. a3 Nc6 8. Bd3 Be7 9. O-O Bd7 10. Be4 Nb6 11. Nc3 d5 12. Bd3 a6 13. b3 h6 14. Ne2 Na7 15. a4 Nc6 16. Nf4 Nc8 17. Nh5 Bf8 18. Be3 N8e7 19. Nh4 Nb4 20. Bb1 Qc7 21. Bd2 Qb6 22. Bc3 a5 23. f4 Nec6 24. Kh1 O-O-O 25. Nf3 Kb8 26. g4 Rc8 27. Bb2 Be8 28. f5 Nd8 29. Nf4 Rc7 30. fxe6 Nxe6 31. Nxe6 fxe6 32. Nh4 Be7 33. Ng6 Rg8 34. Nxe7 Rxe7 35. Bh7 Rh8 36. Qb1 Nc6 37. Ba3 Nb4 38. Bb2 Nc6 39. Ba3 Nb4 1/2-1/2

[Event "Arnprior op"]
[Site "Arnprior CAN"]
[Date "2009.05.03"]
[Round "5"]
[White "Dunn, David"]
[Black "Pacey, Kevin"]
[Result "1/2-1/2"]
[WhiteElo "2138"]
[BlackElo "2314"]
[PlyCount "37"]
[GameId "2160767910156958"]
[EventDate "2009.05.02"]
[EventType "swiss"]
[EventRounds "5"]
[EventCountry "CAN"]

1. e4 Nc6 2. d4 e5 3. Nf3 exd4 4. Nxd4 Qf6 5. Nxc6 Bc5 6. Qf3 Qxf3 7. gxf3 bxc6 8. Bc4 Ne7 9. Nc3 d6 10. Be3 Bxe3 11. fxe3 Be6 12. Bb3 Nc8 13. Rg1 g6 14. Bxe6 fxe6 15. e5 Nb6 16. exd6 cxd6 17. Ke2 Ke7 18. Rg4 Nd7 19. Rb4 1/2-1/2

[Event "Battle of Alberta"]
[Site "Red Deer CAN"]
[Date "2009.09.26"]
[Round "1.2"]
[White "Pechenkin, Vladimir"]
[Black "Kaminski, Victor"]
[Result "1-0"]
[WhiteElo "2376"]
[BlackElo "2328"]
[PlyCount "38"]
[GameId "2160767910096633"]
[EventDate "2009.09.26"]
[EventType "team"]
[EventRounds "2"]
[EventCountry "CAN"]
[SourceTitle "EXT 2011"]
[Source "ChessBase"]
[SourceDate "2011.11.26"]
[SourceVersion "1"]
[SourceVersionDate "2011.11.26"]
[SourceQuality "1"]

1. e4 e6 2. d3 c5 3. g3 d5 4. Nd2 Nc6 5. Bg2 g6 6. Ngf3 Bg7 7. O-O Nge7 8. Re1 e5 9. exd5 Nxd5 10. Nxe5 Nxe5 11. Nc4 f6 12. f4 O-O 13. fxe5 fxe5 14. Nxe5 Nb4 15. c3 Bxe5 16. Rxe5 Qxd3 17. Bh6 Qxd1+ 18. Rxd1 Bg4 19. Rd2 Nxa2 1-0

[Event "Battle of Alberta"]
[Site "Red Deer CAN"]
[Date "2009.09.26"]
[Round "1.3"]
[White "Huber, Gregory"]
[Black "Gardner, Robert"]
[Result "1-0"]
[WhiteElo "2306"]
[BlackElo "2244"]
[PlyCount "101"]
[GameId "2160767910096634"]
[EventDate "2009.09.26"]
[EventType "team"]
[EventRounds "2"]
[EventCountry "CAN"]
[SourceTitle "EXT 2011"]
[Source "ChessBase"]
[SourceDate "2011.11.26"]
[SourceVersion "1"]
[SourceVersionDate "2011.11.26"]
[SourceQuality "1"]

1. g3 g6 2. Bg2 Bg7 3. c4 d6 4. Nc3 e6 5. d4 Ne7 6. Nf3 Nd7 7. e4 b6 8. Be3 Bb7 9. Qd2 h6 10. O-O Nf6 11. d5 Ng4 12. dxe6 fxe6 13. Nd4 Bxd4 14. Qxd4 e5 15. Qd3 Nxe3 16. fxe3 Qd7 17. Nd5 Nxd5 18. exd5 Qg7 19. Be4 Rg8 20. Rf2 Ke7 21. Raf1 Rae8 22. Qa3 a5 23. c5 Ba6 24. cxd6+ cxd6 25. Rf6 Qxf6 26. Rxf6 Kxf6 27. Qxd6+ Kf7 28. Qxb6 Bc8 29. Qc7+ Kf6 30. Kg2 Bf5 31. Qb6+ Kg7 32. Bxf5 gxf5 33. Qc7+ Kf6 34. d6 Ke6 35. d7 Rd8 36. Qc6+ Ke7 37. Qxh6 Rgf8 38. Qb6 Rf6 39. Qxa5 Re6 40. Qa3+ Kxd7 41. Qd3+ Ke7 42. Qxf5 Rd2+ 43. Kh3 Rh6+ 44. Kg4 Rhxh2 45. Qxe5+ Kf7 46. b4 Rxa2 47. b5 Rhb2 48. e4 Rd2 49. b6 Rd8 50. Qc7+ Ke8 51. b7 1-0

[Event "Battle of Alberta"]
[Site "Red Deer CAN"]
[Date "2009.09.26"]
[Round "1.4"]
[White "Hughey, Micah"]
[Black "Haessel, Dale"]
[Result "0-1"]
[WhiteElo "2216"]
[BlackElo "2276"]
[PlyCount "82"]
[GameId "2160767910096635"]
[EventDate "2009.09.26"]
[EventType "team"]
[EventRounds "2"]
[EventCountry "CAN"]
[SourceTitle "EXT 2011"]
[Source "ChessBase"]
[SourceDate "2011.11.26"]
[SourceVersion "1"]
[SourceVersionDate "2011.11.26"]
[SourceQuality "1"]

1. e4 e5 2. Nc3 Nf6 3. Nf3 Bb4 4. Nxe5 O-O 5. Be2 Re8 6. Nd3 Bxc3 7. dxc3 Nxe4 8. Nf4 d6 9. O-O Nd7 10. f3 Nef6 11. Rf2 Ne5 12. c4 c6 13. b3 Bf5 14. Ba3 d5 15. cxd5 g5 16. Nd3 Nxd3 17. Bxd3 Qxd5 18. Bb2 Kg7 19. Rd2 Rad8 20. Qf1 Qc5+ 21. Qf2 Qxf2+ 22. Kxf2 Bxd3 23. Rxd3 Rxd3 24. cxd3 Kg6 25. Bxf6 Kxf6 26. Rc1 Re5 27. Rc4 h6 28. Re4 Rc5 29. Re2 a5 30. Ke1 Re5 31. Re4 Rxe4+ 32. fxe4 Ke5 33. Ke2 Kd4 34. Kd2 b5 35. a3 b4 36. a4 h5 37. g3 g4 38. e5 c5 39. Ke2 Kc3 40. Ke3 Kxb3 41. d4 cxd4+ 0-1

[Event "Battle of Alberta"]
[Site "Red Deer CAN"]
[Date "2009.09.26"]
[Round "1.5"]
[White "Kazmaier, Daniel"]
[Black "Rekhson, Vladislav"]
[Result "0-1"]
[WhiteElo "2276"]
[BlackElo "2167"]
[PlyCount "88"]
[GameId "2160767910096636"]
[EventDate "2009.09.26"]
[EventType "team"]
[EventRounds "2"]
[EventCountry "CAN"]
[SourceTitle "EXT 2011"]
[Source "ChessBase"]
[SourceDate "2011.11.26"]
[SourceVersion "1"]
[SourceVersionDate "2011.11.26"]
[SourceQuality "1"]

1. e4 e5 2. Nf3 Nc6 3. Bb5 a6 4. Ba4 Nf6 5. O-O Nxe4 6. d4 exd4 7. Re1 d5 8. Bxc6+ bxc6 9. Qxd4 c5 10. Qe5+ Be6 11. c4 c6 12. Nc3 Nxc3 13. bxc3 Qd6 14. Qh5 g6 15. Qh4 Bg7 16. Bf4 Qd8 17. Bg5 Qd6 18. Rab1 Bxc3 19. Rb7 Bxe1 20. Be7 g5 21. Qxg5 f6 22. Qg7 Rg8 23. Qxf6 Bc3 24. Qh6 Qxe7 25. Rxe7+ Kxe7 26. Ng5 Bd7 27. Nxh7 Rab8 28. h4 Bd4 29. Ng5 Rb2 30. Kh2 Rxf2 31. cxd5 cxd5 32. Qxa6 Be5+ 33. Kg1 Rf4 34. Qe2 Kd6 35. g3 Bd4+ 36. Kh1 Rf2 37. Qa6+ Bc6 38. Qa7 Rgf8 39. g4 Be3 40. Qa6 d4+ 41. Ne4+ Kd7 42. Qa7+ Ke6 43. Qb6 Rc8 44. Qa6 Ke5 0-1

[Event "Battle of Alberta"]
[Site "Red Deer CAN"]
[Date "2009.09.26"]
[Round "1.6"]
[White "Grumic, Sasha"]
[Black "Moloney, Nicholas"]
[Result "1/2-1/2"]
[WhiteElo "2143"]
[BlackElo "2262"]
[PlyCount "106"]
[GameId "2160767910096637"]
[EventDate "2009.09.26"]
[EventType "team"]
[EventRounds "2"]
[EventCountry "CAN"]
[SourceTitle "EXT 2011"]
[Source "ChessBase"]
[SourceDate "2011.11.26"]
[SourceVersion "1"]
[SourceVersionDate "2011.11.26"]
[SourceQuality "1"]

1. e4 c5 2. Nf3 d6 3. Bc4 Nf6 4. Qe2 Nc6 5. h3 g6 6. c3 Bg7 7. d4 cxd4 8. cxd4 d5 9. exd5 Nxd5 10. O-O O-O 11. Nc3 Be6 12. Ne4 Nc7 13. Rd1 Bxc4 14. Qxc4 Qd5 15. Qc2 Rfd8 16. Nc3 Qf5 17. Qxf5 gxf5 18. d5 Bxc3 19. bxc3 Rxd5 20. Rxd5 Nxd5 21. c4 Nc3 22. Bb2 Na4 23. Rb1 Nxb2 24. Rxb2 Na5 25. Rb5 Nxc4 26. Rxb7 Kf8 27. Kf1 Nd6 28. Rc7 a5 29. a4 Rc8 30. Rxc8+ Nxc8 31. Nd4 Nb6 32. Nc6 Nxa4 33. Nxa5 Nc3 34. Nc4 f4 35. Ke1 f6 36. Kd2 Ne4+ 37. Ke2 e5 38. Kf3 Ng5+ 39. Kg4 Ne6 40. Nd6 Nd4 41. h4 Ke7 42. Nc4 Ke6 43. g3 f3 44. Kh3 f5 45. g4 f4 46. Nd2 Kd5 47. g5 e4 48. Kg4 e3 49. fxe3 fxe3 50. Nxf3 Nxf3 51. Kxf3 Kd4 52. Ke2 Ke4 53. h5 Kf5 1/2-1/2

[Event "Battle of Alberta"]
[Site "Red Deer CAN"]
[Date "2009.09.26"]
[Round "1.7"]
[White "Neven, Knut"]
[Black "Kazakevich, Anastasia"]
[Result "1-0"]
[WhiteElo "2254"]
[BlackElo "2142"]
[PlyCount "67"]
[GameId "2160767910096638"]
[EventDate "2009.09.26"]
[EventType "team"]
[EventRounds "2"]
[EventCountry "CAN"]
[SourceTitle "EXT 2011"]
[Source "ChessBase"]
[SourceDate "2011.11.26"]
[SourceVersion "1"]
[SourceVersionDate "2011.11.26"]
[SourceQuality "1"]

1. e4 c5 2. Nf3 e6 3. d4 cxd4 4. Nxd4 a6 5. Bd3 Qc7 6. O-O Nf6 7. Nc3 b5 8. Qe2 Nc6 9. Nxc6 dxc6 10. e5 Nd5 11. f4 Nxc3 12. bxc3 Be7 13. a4 Bd7 14. Be3 g6 15. c4 bxa4 16. c5 Qa5 17. Qf2 O-O 18. Ra3 f6 19. exf6 Bxf6 20. Bd2 Qc7 21. Rxa4 Rae8 22. Ba5 Qb8 23. Rb4 Qc8 24. Re4 Kg7 25. Qe2 Qb8 26. Kh1 e5 27. fxe5 Rxe5 28. Rxf6 Rxe4 29. Rxf8 Qxf8 30. Bc3+ Kg8 31. Qxe4 Qxc5 32. Qc4+ Qxc4 33. Bxc4+ Kf8 34. Bxa6 1-0

[Event "Battle of Alberta"]
[Site "Red Deer CAN"]
[Date "2009.09.26"]
[Round "1.9"]
[White "Yearwood, Roy"]
[Black "Kalisvaart, Peter"]
[Result "0-1"]
[WhiteElo "2177"]
[BlackElo "2117"]
[PlyCount "154"]
[GameId "2160767910096640"]
[EventDate "2009.09.26"]
[EventType "team"]
[EventRounds "2"]
[EventCountry "CAN"]
[SourceTitle "EXT 2011"]
[Source "ChessBase"]
[SourceDate "2011.11.26"]
[SourceVersion "1"]
[SourceVersionDate "2011.11.26"]
[SourceQuality "1"]

1. Nf3 Nc6 2. c4 e5 3. Nc3 d6 4. g3 g6 5. Bg2 Bg7 6. d3 Nge7 7. Rb1 O-O 8. b4 Nd4 9. O-O c6 10. Nxd4 exd4 11. Ne4 d5 12. cxd5 Nxd5 13. Bg5 f6 14. Bd2 f5 15. Qb3 Kh8 16. Bg5 Qd7 17. Nc5 Nc3 18. Rb2 Qf7 19. Qxf7 Rxf7 20. e3 h6 21. Bd8 Bd7 22. Nxb7 Be8 23. Nd6 Rxd8 24. Nxf7+ Bxf7 25. Bxc6 dxe3 26. fxe3 Rxd3 27. Re1 Nxa2 28. Rbb1 Nc3 29. Rbc1 h5 30. Bb7 Bh6 31. Kf2 Rd2+ 32. Kf3 g5 33. g4 hxg4+ 34. Kg3 Be6 35. h3 Ne2+ 36. Rxe2 Rxe2 37. hxg4 f4+ 38. exf4 gxf4+ 39. Kf3 Re3+ 40. Kf2 Bxg4 41. Ba6 Rb3 42. Bc8 Rb2+ 43. Kg1 f3 44. Rc3 Bxc8 45. Rxc8+ Kh7 46. Rc3 Rxb4 47. Rxf3 a5 48. Kf1 a4 49. Rf7+ Bg7 50. Ra7 Kg6 51. Ke2 Bf6 52. Ra5 Kf7 53. Kd2 Ke6 54. Ra6+ Kf5 55. Kc2 Be5 56. Ra5 Ke4 57. Ra8 Rb2+ 58. Kc1 Ra2 59. Kb1 Ra1+ 60. Kc2 a3 61. Re8 Rh1 62. Kb3 Rh3+ 63. Ka2 Kd5 64. Rc8 Bd6 65. Rc2 Bc5 66. Rd2+ Kc4 67. Rg2 Kb5 68. Rd2 Ka4 69. Rc2 Bb4 70. Kb1 Rh1+ 71. Ka2 Rd1 72. Rc8 Rd2+ 73. Kb1 Kb3 74. Kc1 Rh2 75. Kd1 a2 76. Ra8 Rh1+ 77. Ke2 a1=Q 0-1